000 01405nam a2200361 i 4500
001 000007200
003 DO-SdBNP
005 20251013102622.0
007 ta
008 090907s1996 dr 001 0 spa d
040 _aDO-SdBNP
_bspa
_cBNPHU
_erda
041 _aspa
082 4 _a342.7293068
_bR426L 1996
_222
110 1 _aRepública Dominicana.
_bOficina Nacional de Administración y Personal
_926398
240 1 3 _a[Leyes, etc.]
245 1 0 _aLey de servicio civil y carrera administrativa y su reglamento de aplicación.
264 1 _aSanto Domingo :
_bPublicaciones ONAP,
_c1996.
300 _a116 páginas ;
_c21 cm.
336 _atexto
_btxt
_2rdacontent
337 _asin mediación
_bn
_2rdamedia
338 _avolumen
_bnc
_2rdacarrier
490 1 _aReforma del Estado
_v3
590 _aInventariado, 2018/ YL
650 4 _aCarrera administrativa
_xLegislación
_zRepública Dominicana
_919981
650 4 _aDerecho administrativo
_xLegislación
_zRepública Dominicana
_914533
650 4 _aFunción pública
_zRepública Dominicana
_917764
650 4 _aAdministración pública
_xLegislación
_zRepública Dominicana
_919963
651 4 _aRepública Dominicana
_xLey 14-91
_919982
710 1 _aRepública Dominicana.
_bOficina Nacional de Administración y Personal
_926398
830 0 _aReforma del Estado
_n3
_942860
910 _aValidado. Control de calidad EMS.
942 _2ddc
_cLBS1
999 _c6981
_d6981